Murguía e o Arquivo do Reino de Galicia / Arquivo do Reino de Galicia
ISBN:
84-453-2809-3
Descripción Física:
174 p. : il., fot ; 30 cm
Colección:
Catálogos de exposicións
MARC
| LEADER | 00000nam a2200000Ia 4500 | ||
|---|---|---|---|
| 001 | 12715 | ||
| 008 | 160829s2000 xx 000 0 cat d | ||
| 020 | |a 84-453-2809-3 | ||
| 080 | |a A-1-98 | ||
| 245 | |a Murguía e o Arquivo do Reino de Galicia / Arquivo do Reino de Galicia | ||
| 260 | |a [A Coruña] : |b Xunta de Galicia, Dirección Xeral de Patrimonio Cultural, |c 2000 | ||
| 300 | |a 174 p. : |b il., fot ; |c 30 cm | ||
| 490 | |a Catálogos de exposicións | ||
| 590 | |a Referències bibliogràfiques. | ||
| 590 | |a Índex | ||
| 650 | |a Arquivo do Reino de Galicia |x Exposicions |9 33059 | ||
| 650 | |a Murguía, Manuel |x Exposicions |x Catàlegs |9 33060 | ||
| 650 | |a Galícia |x Història |x Exposicions |x Catàlegs |9 33061 | ||
| 710 | 1 | |a Galícia. |b Dirección Xeral do Patrimonio Cultural |9 55413 | |
| 901 | |a Arxiu | ||
| 942 | |n 1 | ||
| 952 | |0 0 |1 0 |4 0 |6 A198 |7 1 |9 46190 |a Arxiu |b Arxiu |d 2016-12-01 |l 0 |o A-1-98 |p 12715 |r 2016-12-01 00:00:00 |w 2016-12-01 |y ARXIU | ||
| 999 | |c 49692 |d 49692 | ||